[Event "17th Prague Open 2018"]
[Site "Prague"]
[Date "2018.01.14"]
[Round "4"]
[White "Taranenko, Evgueniy"]
[Black "Chernyshov, Konstantin"]
[Result "1-0"]
[WhiteElo "2154"]
[BlackElo "2480"]
[Annotator "TA"]
[PlyCount "71"]
[EventDate "2018.??.??"]
[EventType "swiss"]
[EventCountry "CZE"]
[SourceTitle "playchess.com"]
[Source "ChessBase"]
[SourceQuality "1"]

{[%evp 15,71,-5,8,-19,-13,-34,-16,-17,-11,-20,-20,-37,-37,-30,-16,-10,-26,-14,-23,-50,-46,-57,-18,-15,-36,-32,-31,-43,-39,-28,-25,-42,-18,-24,-11,-68,-12,-29,11,11,9,9,15,5,7,10,13,13,10,9,582,584,583,584,564,550,2773,2681]} 1. e4 c5 2. Nf3 d6 3. Bb5+ Bd7 4. Bxd7+ Qxd7 5. O-O Nc6 6. c4 g6 7. Nc3 {B52: Sicilian: Moscow Variation with 3...Bd7} (7. d4 cxd4 8. Nxd4 Bg7 9. Be3 Nf6 10. f3 Rc8 11. b3 b5 12. cxb5 Nxd4 13. Bxd4 Qxb5 14. Nc3 Qb7 15. Nd5 Nxd5 16. Bxg7 Ne3 17. Qd3 {½-½ (39) Karjakin,S (2771)-Adly,A (2594) Dubai 2014}) 7... Bg7 8. d3 e6 {LiveBook: 12 Games} 9. Bg5 {The position is equal.} Nge7 10. Qd2 O-O 11. Bh6 f5 {[%cal Bf7f5,Bf5f4][%mdl 32]} 12. Bxg7 Kxg7 13. Ne1 $146 ({Find the theoretical novelty and annotate with similar games:} 13. Qe2 e5 14. Nd5 h6 {1-0 (42) Cladouras,P (2380)-Paulsen,D (2345) Germany 1996}) 13... f4 14. f3 d5 15. cxd5 exd5 16. Ne2 Qd6 17. g3 fxg3 18. hxg3 dxe4 {[#] ...Nf5 is the strong threat.} 19. Qc3+ Nd4 20. dxe4 Rf6 21. Rf2 Nxe2+ 22. Rxe2 {[#] And now e5 would win.} Qxg3+ 23. Rg2 Qc7 24. Nd3 Nc6 {Black wants to play ...b6.} 25. f4 (25. Nxc5 $11 Qd6 26. f4 Qd4+ 27. Rf2) 25... b6 (25... Re8 $15) 26. f5 $11 Re8 27. Rf1 Qd6 $1 $132 {[%mdl 2048] Black is not keeping still} 28. Nf4 $1 {[%cal Rf4h5]} Kg8 29. Nh5 Rf7 30. fxg6 $1 Rxf1+ 31. Kxf1 {[%csl Gh5][%cal Rc3g7]} Rf8+ ({But not} 31... Qd1+ $2 32. Kf2 $18) 32. Ke1 {[%csl Gh5][%cal Rc3g7]} Ne5 $2 {[%mdl 8192]} (32... Qd4 $1 $11 {and Black has nothing to worry.} 33. gxh7+ Kxh7 34. Rg7+ Kh8 35. Qxd4 cxd4) 33. gxh7+ $18 {White is clearly winning.} Kxh7 34. Rg7+ Kh8 35. Rg5 Re8 36. Nf4 {Precision: White = 65%, Black = 48%.} 1-0

[Event "17th Prague Open 2018"]
[Site "Prague"]
[Date "2018.01.14"]
[Round "4"]
[White "Parnali, S Dharia"]
[Black "Mishuchkov, Nikolai M"]
[Result "1/2-1/2"]
[WhiteElo "2082"]
[BlackElo "2303"]
[Annotator "ChessBase"]
[PlyCount "114"]
[EventDate "2018.??.??"]
[EventType "swiss"]
[EventCountry "CZE"]
[SourceTitle "playchess.com"]
[Source "ChessBase"]
[SourceQuality "1"]
[TimeControl "40/5400+30:1800+30"]

1. d4 {[%emt 0:00:00]} Nf6 {[%emt 0:00:11]} 2. c4 {[%emt 0:00:00]} e6 {[%emt 0:00:05]} 3. g3 {[%emt 0:00:00]} d5 {[%emt 0:00:14]} 4. Nf3 {[%emt 0:00:00]} dxc4 {[%emt 0:00:34]} 5. Bg2 {[%emt 0:00:51]} Bd7 {[%emt 0:00:25]} 6. Ne5 {[%emt 0:03:04]} Bc6 {[%emt 0:00:09]} 7. Nxc6 {[%emt 0:00:39]} Nxc6 {[%emt 0:00:05]} 8. O-O {[%emt 0:06:46]} Qd7 {[%emt 0:00:28]} 9. Be3 {[%emt 0:05:47]} Nd5 {[%emt 0:19:01]} 10. Nd2 {[%emt 0:01:47]} Na5 {[%emt 0:03:10]} 11. Qc2 {[%emt 0:06:00]} Qb5 {[%emt 0:14:37]} 12. a4 {[%emt 0:05:41]} Qb4 {[%emt 0:01:02]} 13. Rfc1 {[%emt 0:03:16]} Nxe3 {[%emt 0:04:20]} 14. fxe3 {[%emt 0:00:08]} Be7 {[%emt 0:05:51]} 15. Ra3 {[%emt 0:04:46]} O-O {[%emt 0:04:37]} 16. Rc3 {[%emt 0:01:16]} Bg5 {[%emt 0:01:36]} 17. Rd1 {[%emt 0:06:31]} c6 {[%emt 0:03:41]} 18. Kf2 {[%emt 0:02:19]} Qe7 {[%emt 0:03:08]} 19. Nxc4 {[%emt 0:02:31]} Nxc4 {[%emt 0:00:18]} 20. Rxc4 {[%emt 0:00:01]} Qf6+ {[%emt 0:00:16]} 21. Bf3 {[%emt 0:00:05]} Qh6 {[%emt 0:00:36]} 22. Kg2 {[%emt 0:07:15]} Bxe3 {[%emt 0:00:14]} 23. Qb3 {[%emt 0:03:29]} Rad8 {[%emt 0:01:22]} 24. Rd3 {[%emt 0:02:43]} b5 {[%emt 0:01:11]} 25. axb5 {[%emt 0:00:47]} cxb5 {[%emt 0:00:04]} 26. Qxb5 {[%emt 0:01:00]} Rb8 {[%emt 0:02:30]} 27. Qe5 {[%emt 0:05:17]} Bg5 {[%emt 0:00:14]} 28. b3 {[%emt 0:00:34]} Bd2 {[%emt 0:10:15]} 29. Rc6 {[%emt 0:00:52]} Qg5 {[%emt 0:01:17]} 30. Qxg5 {[%emt 0:01:00]} Bxg5 {[%emt 0:00:06]} 31. Ra6 {[%emt 0:00:14]} Rfd8 {[%emt 0:10:03]} 32. Rxa7 {[%emt 0:00:58]} Rb4 {[%emt 0:01:38]} 33. Ra8 {[%emt 0:03:31]} Kf8 {[%emt 0:02:36]} 34. Rxd8+ {[%emt 0:00:35]} Bxd8 {[%emt 0:00:05]} 35. Bc6 {[%emt 0:00:43]} Bb6 {[%emt 0:01:33]} 36. d5 {[%emt 0:01:04]} exd5 {[%emt 0:00:14]} 37. Bxd5 {[%emt 0:00:30]} Rd4 {[%emt 0:00:06]} 38. Rxd4 {[%emt 0:00:46]} Bxd4 {[%emt 0:00:06]} 39. Kf3 {[%emt 0:00:48]} Ke7 {[%emt 0:02:10]} 40. Ke4 {[%emt 0:00:35]} Bc5 {[%emt 0:31:08]} 41. Bc4 {[%emt 0:30:14]} Bd6 {[%emt 0:01:38]} 42. Kd5 {[%emt 0:01:58]} h5 {[%emt 0:01:56]} 43. e4 {[%emt 0:01:20]} f6 {[%emt 0:00:00]} 44. Be2 {[%emt 0:00:00]} h4 {[%emt 0:00:00]} 45. gxh4 {[%emt 0:00:00]} Bxh2 {[%emt 0:00:00]} 46. Kc6 {[%emt 0:00:00]} Bd6 {[%emt 0:00:00]} 47. h5 {[%emt 0:00:00]} Ba3 {[%emt 0:00:00]} 48. Bg4 {[%emt 0:00:00]} Kd8 {[%emt 0:00:00]} 49. Bf5 {[%emt 0:00:00]} Ke7 {[%emt 0:00:00]} 50. Kd5 {[%emt 0:00:00]} Bd6 {[%emt 0:00:00]} 51. Kc4 {[%emt 0:00:00]} Ba3 {[%emt 0:00:00]} 52. b4 {[%emt 0:00:00]} Kd6 {[%emt 0:00:00]} 53. Kb5 {[%emt 0:00:00]} Kc7 {[%emt 0:00:00]} 54. Kc5 {[%emt 0:00:00]} Kb7 {[%emt 0:00:00]} 55. Kc4 {[%emt 0:00:00]} Kb6 {[%emt 0:00:00]} 56. Bd7 {[%emt 0:00:00]} Bc1 {[%emt 0:00:00]} 57. Kd5 {[%emt 0:00:00]} Bh6 {[%emt 0:00:00]} 1/2-1/2

[Event "17th Prague Open 2018"]
[Site "Prague"]
[Date "2018.01.15"]
[Round "5"]
[White "Kiriakov, Petr"]
[Black "Mihajlov, Sebastian"]
[Result "1/2-1/2"]
[WhiteElo "2528"]
[BlackElo "2371"]
[Annotator "TA"]
[PlyCount "88"]
[EventDate "2018.??.??"]
[EventType "swiss"]
[EventCountry "CZE"]
[SourceTitle "playchess.com"]
[Source "ChessBase"]
[SourceQuality "1"]

{[%evp 9,88,13,10,-5,-5,-7,0,-5,-6,-25,-21,-40,-41,-41,-51,-48,0,0,0,0,0,-3,2,0,14,15,24,10,25,11,34,0,18,20,26,14,9,9,18,18,20,18,15,13,25,0,0,0,0,0,0,0,0,-42,-22,-66,0,-8,0,0,0,0,0,0,0,0,32,-109,0,0,0,0,0,0,0,0,0,0,0,0,0]} 1. d4 d5 2. c4 c6 3. Nc3 Nf6 4. e3 e6 5. Bd3 Nbd7 6. a3 {D31: Queen's Gambit Declined: Semi-Slav without ...Nf6 (+ Marshall Gambit and Noteboom) and Exchange Variation lines without ...Nf6} dxc4 7. Bxc4 b5 8. Be2 Bb7 9. Bf3 Qb6 10. b4 a5 11. Rb1 axb4 12. axb4 Bd6 $146 ({Predecessor:} 12... Nd5 13. Nxd5 cxd5 {0-1 (38) Kiriakov,P (2560)-Karjakin,S (2566) playchess.com INT 2004}) 13. Bd2 O-O 14. Nge2 {[%cal Bg1e2,Be2g3,Bg3e4,Be4c5][%mdl 32]} e5 15. Qc2 Rfe8 {Hoping for ...exd4.} 16. O-O g6 17. Rfd1 exd4 18. exd4 Qc7 19. Ng3 Rac8 20. Kh1 Nb6 21. Nge4 Be7 22. Qc1 Nfd5 23. Nc5 Bf6 24. Bxd5 Nxd5 25. Nxd5 cxd5 26. Bg5 Bg7 27. Bh6 Bxh6 28. Qxh6 Re2 29. Rd2 Rce8 30. Rxe2 Rxe2 31. Qh4 Bc8 32. Kg1 Bf5 ({Better is} 32... Kg7 $15) 33. Rc1 Qa7 34. g4 Qa3 35. Rd1 Be6 36. Kf1 Qa2 37. Rd3 $40 {[%mdl 128] White attacks.} Qc2 38. Kg2 {[#]} (38. h3 $14 {stays ahead.}) 38... Re1 (38... Bxg4 $1 $17 {[%mdl 512]} 39. Qf6 (39. Qxg4 Rxf2+) 39... Re1) 39. Rf3 $11 {Threatening mate with Qd8+.The position is equal.} Qe2 40. Qd8+ Kg7 41. Qf6+ Kg8 42. Qd8+ Kg7 43. Qf6+ Kg8 {[#] ( -> ...Qf1+)} 44. h3 h6 $1 {Precision: White = 44%, Black = 45%.} 1/2-1/2

[Event "17th Prague Open 2018"]
[Site "Prague"]
[Date "2018.01.15"]
[Round "5"]
[White "Stefansson, Hannes"]
[Black "Low, Zhen Yu Cyrus"]
[Result "1-0"]
[WhiteElo "2523"]
[BlackElo "2437"]
[Annotator "TA"]
[PlyCount "125"]
[EventDate "2018.??.??"]
[EventType "swiss"]
[EventCountry "CZE"]
[SourceTitle "playchess.com"]
[Source "ChessBase"]
[SourceQuality "1"]

{[%evp 18,125,28,29,31,34,29,27,32,34,33,31,46,40,46,30,48,16,35,0,22,0,0,-7,0,0,0,0,0,0,0,0,0,0,0,0,0,0,254,-100,0,-82,-24,-28,-52,-41,0,0,54,54,43,47,552,545,655,394,394,0,647,599,1135,956,624,602,601,208,202,195,189,198,185,152,193,214,201,198,177,184,226,222,259,266,248,247,12823,361,804,240,12830,12830,1379,1125,12837,12839,12834,12835,12835,12835,12841,12836,1877,1826,2459,2369,12846,12843,12847,12844,12847,12845]} 1. e4 c5 2. Nf3 d6 3. d4 cxd4 4. Nxd4 Nf6 5. Nc3 Nc6 6. Bg5 e6 7. Qd2 a6 8. O-O-O Bd7 9. f3 Be7 10. h4 h6 {B67: Sicilian: Richter-Rauzer: 7...a6 8 0-0-0 Bd7, lines without 9 f4 Be7} 11. Be3 h5 12. Nxc6 (12. Kb1 Qc7 13. Bg5 Ne5 14. Bd3 b5 15. Rhe1 b4 16. Nce2 a5 17. f4 Neg4 18. Ng1 {½-½ (91) Short,N (2678)-Li,C (2732) Riadh 2017}) 12... Bxc6 {White has an edge.} 13. Bg5 Qc7 14. Ne2 b5 15. Kb1 Bd7 16. Nd4 Qb6 17. Qe1 b4 $146 ({Predecessor:} 17... a5 18. e5 dxe5 19. Qxe5 Bd6 20. Qe1 Be7 21. f4 a4 22. f5 exf5 23. Qe5 b4 24. Bb5 Bxb5 25. Nxf5 Ra7 26. Be3 Ng4 27. Nxg7+ {1-0 (25) Micottis,D (2235)-Boidman,Y (2342) Germany 2015}) 18. Bc4 O-O 19. f4 {Strongly threatening e5.} Qc5 20. Bb3 a5 21. e5 dxe5 22. fxe5 Ng4 $36 {[%mdl 2048] [#] Black has some pressure.} 23. Nf5 $1 {[%cal Rf5e7][%mdl 512]} Bxg5 (23... exf5 $6 24. Rxd7 Bxg5 25. hxg5 $14) 24. hxg5 exf5 25. Rxd7 a4 26. Bd5 Rac8 27. Qe2 Nxe5 $2 {[%mdl 8192]} (27... g6 $1 $11 {and Black is okay.} 28. e6 fxe6 29. Bxe6+ (29. Qxe6+ Kh8 $17) 29... Kh8) 28. Rb7 $2 (28. Qxe5 $2 Qxc2+ 29. Ka1 Qc1+ $1 {[%mdl 512]} 30. Rxc1 Rxc1#) (28. c4 Nxc4 29. g6 (29. Qxh5 $2 Nd2+ 30. Ka1 Qc1+ 31. Rxc1 Rxc1#) 29... Ne5 $1 $11 {[%mdl 512]}) ({White must play} 28. c3 $1 $18 bxc3 29. Qxe5) 28... Ng4 {[#]} (28... g6 $1 $17 29. Rb5 (29. Qxe5 $2 Qxc2+ 30. Ka1 Qc1+ 31. Rxc1 Rxc1#) 29... Qd4) 29. Rb5 (29. Be6 $1 $11 {[%mdl 512] keeps the balance.} Rc6 (29... fxe6 30. Qxe6+) 30. Rxf7 $1 {[%mdl 512]} Rxf7 31. g6) 29... Qe3 ({Black should try} 29... Qd6 $1 $17 30. Re1 Rfe8 $1 {[%mdl 512]}) 30. Qxe3 $1 $11 Nxe3 31. Bf3 Nxc2 32. Bxh5 Rc7 (32... g6 $11 33. Bd1 b3 $1 {[%mdl 512]}) 33. g6 $1 $14 {[%cal Rg6f7]} fxg6 $1 34. Bxg6 Rd8 $2 {[%mdl 8192]} ({Black should play} 34... Ne3 $14) 35. Rxf5 $18 b3 36. Bh7+ Kh8 37. Bg6+ $2 (37. axb3 g6 38. Bxg6+ Kg7 39. Rg5) 37... Kg8 38. Rf4 {White threatens Bh7+ and mate.} bxa2+ 39. Kxa2 {Threatens to win with Bh7+.} Nd4 40. Bh7+ Kh8 41. Rfh4 $2 (41. Bd3+ Kg8 42. Bh7+ Kh8 43. Bg6+ Kg8 44. Rfh4) 41... g5 {[#]} 42. Rh6 $1 {Hoping for Bd3+.} Kg7 43. Rg6+ Kf7 44. Rf1+ Ke8 45. Rg8+ Ke7 46. Re1+ Ne6 47. Rxg5 Kd6 48. Rg6 Rxh7 49. Rexe6+ {[%mdl 4096] Endgame KRR-KRR} ({Not} 49. Rgxe6+ Kc5 $16) 49... Kd5 50. Ra6 Rb8 $2 (50... Ke5 51. Ra5+ (51. Rxa4 Rb7 $16) 51... Kf4 52. Rxa4+ Kf5) 51. Ra5+ $2 (51. Rg5+ Ke4 52. Rxa4+ Ke3 53. b4) 51... Kc4 $2 (51... Ke4 52. Rg4+ (52. Rxa4+ Kf5 $16) 52... Kd3) 52. Rxa4+ $2 (52. Rg4+ Kd3 53. Raxa4 (53. Rgxa4 Rhb7 $16)) 52... Kd3 $2 (52... Kb5) 53. Rg3+ {White is clearly winning.} Ke2 54. Rc3 Rhb7 55. b3 Rd7 56. Kb2 Rb5 57. g4 Rd8 58. Re4+ Kf2 59. b4 Rd1 60. Rec4 Rg1 61. Rd4 Rb8 62. Rb3 Rb5 63. Rc4 {Precision: White = 60%, Black = 25%.} 1-0

[Event "17th Prague Open 2018"]
[Site "Prague"]
[Date "2018.01.15"]
[Round "5"]
[White "Pena Gomez, Manuel"]
[Black "Raahul V S"]
[Result "1/2-1/2"]
[WhiteElo "2491"]
[BlackElo "2205"]
[Annotator "TA"]
[PlyCount "119"]
[EventDate "2018.??.??"]
[EventType "swiss"]
[EventCountry "CZE"]
[SourceTitle "playchess.com"]
[Source "ChessBase"]
[SourceQuality "1"]

{[%evp 17,119,-31,-35,-51,-72,-57,-19,-23,-23,-18,-18,-18,-26,-34,-23,-51,-47,-64,-46,-46,-46,-35,-49,-43,-57,-52,-48,-35,-52,-42,-52,-20,0,-14,21,20,23,0,0,0,0,0,0,0,0,0,0,0,0,-39,0,-23,-32,-28,-21,-18,-19,-63,-50,-325,-34,-34,-34,-34,-34,-34,-8,-8,-8,-28,-28,-28,-28,-28,-12,-28,-28,-28,-14,-28,-28,-28,-28,-28,-28,-28,-8,-8,-8,-8,0,0,0,-8,0,-8,0,0,0,0,0,0,0,0]} 1. e4 e5 2. Nf3 Nc6 3. Bb5 a6 4. Ba4 Nf6 5. d4 exd4 6. O-O Be7 7. Re1 b5 8. Bb3 d6 9. a4 {C84: Spanische Partie (Mittelgambit)} Bg4 {LiveBook: 6 Partien} 10. Bd5 $146 ({Vorgänger:} 10. axb5 axb5 11. Rxa8 Qxa8 12. Na3 Qa5 13. Qd2 Bxf3 14. gxf3 O-O 15. Qxa5 Nxa5 16. Nxb5 Nxb3 17. cxb3 {½-½ (39) Volokitin,A (2566)-Dorfman,J (2599) Bad Wiessee 2001}) 10... Nxd5 11. exd5 {Schwarz steht besser.} Bxf3 (11... Ne5 $5 12. Nbd2 O-O $15) 12. Qxf3 Ne5 13. Qe4 O-O 14. Qxd4 Bf6 15. Qd1 Nc4 16. c3 Re8 17. Rxe8+ Qxe8 18. b3 Nb6 {Droht ...bxa4 und aus.} 19. Be3 $1 bxa4 20. Bxb6 $1 cxb6 {[%cal Bc7b6,Bb6b5][%mdl 32]} 21. Rxa4 b5 22. Ra2 a5 23. g3 g6 24. Qd3 b4 {Und weiter mit ...bxc3 wäre nett.} 25. cxb4 Qe1+ 26. Kg2 Qxb4 27. Nd2 Rb8 28. Nc4 (28. Ne4 {is interesting.} Be5 29. f4 f5 30. Nd2 Bf6 31. Nc4) 28... Qxb3 29. Qxb3 Rxb3 30. Rxa5 $11 {[%mdl 4096] Endspiel KTL-KTS} Be7 31. Ra8+ Kg7 32. Re8 Rc3 33. Ne3 Bg5 34. f4 Bf6 35. Re4 Rd3 36. Kf3 Rd2 37. h4 Bd4 38. h5 $2 {[%mdl 8192] [#]} (38. g4 $15) 38... Bxe3 $2 ({Günstiger ist} 38... Rd3 $19 39. hxg6 Kxg6) 39. Kxe3 $15 Rxd5 40. hxg6 hxg6 $19 {KT-KT} 41. g4 g5 42. Re7 Kf6 43. Ra7 gxf4+ 44. Kxf4 Rd4+ 45. Kf3 Rc4 46. Rd7 Ke6 47. Rd8 Rc7 48. Ke4 f6 49. Re8+ Re7 50. Rd8 Rg7 51. Kf4 d5 52. Re8+ {Die Stellung ist ausgeglichen.} Re7 53. Rd8 Rd7 54. Re8+ Kf7 55. Rh8 Kg7 56. Ra8 Kg6 57. Rg8+ Kh7 58. Ra8 d4 {[#] Und ...d3 würde nun gewinnen.} 59. g5 d3 60. Ra1 $1 {Precision: Weiß = 58%, Schwarz = 47%.} 1/2-1/2

[Event "17th Prague Open 2018"]
[Site "Prague"]
[Date "2018.01.15"]
[Round "5"]
[White "Neuman, Petr"]
[Black "Stoyanov, Tsvetan"]
[Result "1-0"]
[WhiteElo "2452"]
[BlackElo "2242"]
[Annotator "TA"]
[PlyCount "79"]
[EventDate "2018.??.??"]
[EventType "swiss"]
[EventCountry "CZE"]
[SourceTitle "playchess.com"]
[Source "ChessBase"]
[SourceQuality "1"]

{[%evp 15,79,46,48,29,32,31,27,30,43,41,77,75,60,55,79,69,86,93,91,79,78,79,71,41,48,29,68,17,3,0,12,5,29,-4,0,0,0,0,0,-106,-108,-114,-90,-113,37,-52,0,0,16,20,22,18,55,39,61,77,92,99,95,11,18,0,82,0,0,0]} 1. c4 Nf6 2. Nc3 d5 3. cxd5 Nxd5 4. Nf3 g6 5. Qc2 (5. d3 Bg7 6. Bd2 O-O 7. g3 c5 8. h4 Nc6 9. h5 Nxc3 10. bxc3 c4 11. hxg6 hxg6 12. Qa4 Na5 {1-0 (27) Aronian,L (2801)-Giri,A (2762) Palma de Mallorca 2017}) 5... Nc6 {[%cal Bb8c6,Bc6a5,Ba5c4][%mdl 32]} 6. d4 {A16: English Opening: 1...Nf6 with ...d5} Bg7 7. e4 Nxc3 8. bxc3 O-O {LiveBook: 6 Games} 9. Ba3 b6 10. Rd1 Na5 11. Be2 Bg4 $146 ({Predecessor:} 11... c5 12. O-O Qc7 {1-0 (40) Loncar,R (2385)-Debevec,B (2084) Sentjur 2011}) 12. O-O Bxf3 13. Bxf3 Nc4 14. Bc1 b5 15. Be2 Qd7 16. Qb3 Qc6 17. e5 Rab8 18. f4 e6 19. Bf3 Qb6 20. Kh1 Rbd8 21. g4 (21. Be2 $14) 21... c5 $11 {[%cal Rc5d4]} 22. d5 exd5 23. Rxd5 g5 24. e6 fxe6 25. Rxg5 Nd2 26. Bxd2 $1 Rxd2 27. f5 {[#]} (27. Bg2 $11) 27... c4 $1 $17 {[%cal Rc4b3]} 28. Qb4 Qc7 {[%csl Gd2][%cal Rc7h2]} 29. Bg2 {[#] Hoping for f6.} exf5 (29... Qd8 $1 $17 {[%cal Rd8g5]} 30. h4 h6) 30. gxf5 ({White should play} 30. Qxb5 $14 f4 31. Rd5) 30... Qd8 (30... Qe5 $15 31. a4 a6) 31. Rg3 $40 {[%mdl 128] White has some attack.} Kh8 {Strongly threatening ...Be5.} 32. Qxb5 Rxa2 33. Qxc4 Ra5 34. Qg4 {[%csl Gg3][%cal Rg4g7]} Qf6 35. Be4 Rc5 36. Rfg1 {[%cal Rg4g7]} Rc7 37. Qh5 (37. Qh3 $16) 37... Qe5 $1 {[%cal Re5e4]} 38. Qg4 ({Better is} 38. Bb1 $11) 38... Qf6 $16 39. h4 (39. Qe2 $16) 39... a5 $11 40. h5 {[%mdl 32768] Precision: White = 43%, Black = 52%. . Loss on Time!?} 1-0

[Event "17th Prague Open 2018"]
[Site "Prague"]
[Date "2018.01.15"]
[Round "5"]
[White "Pacher, Milan"]
[Black "Schippers, Maurice"]
[Result "1-0"]
[WhiteElo "2444"]
[BlackElo "2309"]
[Annotator "TA"]
[PlyCount "139"]
[EventDate "2018.??.??"]
[EventType "swiss"]
[EventCountry "CZE"]
[SourceTitle "playchess.com"]
[Source "ChessBase"]
[SourceQuality "1"]

{[%evp 29,139,51,28,22,53,0,0,0,9,0,0,0,18,0,0,0,0,0,2,2,6,0,0,0,0,0,0,0,0,0,0,0,0,0,0,0,0,0,0,0,0,0,0,8,5,0,12,0,0,0,0,0,0,0,0,0,0,0,0,0,0,0,0,0,0,0,0,0,0,0,0,0,0,0,0,0,60,0,0,0,0,0,0,0,0,0,80,0,0,0,0,0,0,0,0,0,0,0,174,174,862,800,29984,29985,29984,29985,29985,29986,29987,29988,29998,29999]} 1. d4 Nf6 2. c4 g6 3. Nc3 Bg7 4. e4 d6 5. Nf3 O-O 6. Be2 e5 7. O-O exd4 8. Nxd4 Re8 9. f3 Nc6 10. Be3 Nh5 11. Qd2 f5 12. Nxc6 bxc6 13. Bg5 Bf6 {E94: King's Indian: Classical: 6 Be2 e5 7 0-0: Various Black 7th moves} 14. Bxf6 Nxf6 15. Bd3 fxe4 {LiveBook: 3 Games. White is slightly better.} 16. Bxe4 Nxe4 17. fxe4 $146 ({Better is} 17. Nxe4 $14 Bf5 18. Ng3) ({Predecessor:} 17. Nxe4 Bf5 18. Ng3 Qf6 19. Rae1 Kh8 20. b3 Bd7 21. Ne4 {½-½ (49) Hagen,A (2454)-Illingworth,M (2357) Budapest 2011}) 17... Qe7 $11 18. Rf3 Bg4 19. Rf4 Be6 20. b3 Qg7 21. Raf1 Rf8 22. Ne2 Rxf4 23. Nxf4 Qe5 24. Nxe6 Qxe6 {[%mdl 4096] Endgame KQR-KQR} 25. Qa5 Qxe4 26. Qxc7 Qd4+ $1 27. Kh1 Rf8 {[%cal Rf8f1] [#]} 28. Rg1 Qc5 29. h3 Rf7 30. Qb8+ Rf8 31. Qc7 Rf7 32. Qd8+ Rf8 33. Qe7 Rf7 34. Qe6 {And now Rf1 would win.} Kg7 35. Rd1 Rf6 36. Qe4 a5 37. Re1 Rf7 38. Qd3 d5 39. cxd5 cxd5 40. Re5 Qc1+ 41. Kh2 Qc7 42. Qg3 Rd7 43. Re2 Kf6 44. Rf2+ Ke6 45. Rf4 d4 46. Qg4+ Kd5 47. Kg1 Qc1+ 48. Rf1 Qe3+ 49. Kh1 Rc7 50. Qd1 Re7 51. Qc2 Qe2 52. Qc1 Re3 (52... Re5 $1 $11) 53. a3 (53. Kg1 $1 $14) 53... h6 54. b4 {Threatens to win with Qc5+.} Rc3 55. Qf4 axb4 ({Of course not} 55... Rxa3 $6 56. bxa5 Rd3 57. Qf7+ Qe6 58. Qb7+ Qc6 59. Qg7 $16) 56. axb4 Rc2 {[%csl Gc2][%cal Re2g2]} 57. Qf7+ Ke5 (57... Qe6 $1 $11 {remains equal.}) 58. Qe7+ (58. Rg1 $16) 58... Kd5 {[%csl Gc2][%cal Re2g2]} 59. Qb7+ Kc4 $1 60. Ra1 d3 61. Qc6+ Kd4 62. Qxg6 {b5 is the strong threat.} Qe4 63. Qg7+ Kc4 $2 {[#]} (63... Qe5 $11 {and Black has nothing to worry.} 64. Qa7+ (64. Qxh6 d2 $11) 64... Kc4) 64. b5 $1 $18 {Black must now prevent Ra4+.} Kxb5 $2 (64... Qe3 65. Qf7+ Kc3 66. Qf6+ Kc4) 65. Rb1+ Kc4 66. Qc7+ {White mates.} Kd5 67. Rb5+ Ke6 68. Rb6+ Kf5 69. Qf7+ Kg5 70. Qf6+ {Precision: White = 66%, Black = 71%.} 1-0

[Event "17th Prague Open 2018"]
[Site "Prague"]
[Date "2018.01.15"]
[Round "5"]
[White "Popov, Mikhail"]
[Black "Ranaldi, Lucas"]
[Result "1/2-1/2"]
[WhiteElo "2416"]
[BlackElo "2212"]
[Annotator "TA"]
[PlyCount "57"]
[EventDate "2018.??.??"]
[EventType "swiss"]
[EventCountry "CZE"]
[SourceTitle "playchess.com"]
[Source "ChessBase"]
[SourceQuality "1"]

{[%evp 13,57,16,28,19,18,26,35,6,16,6,15,0,0,0,9,7,28,0,0,0,0,0,0,0,11,-18,-23,-13,0,0,0,0,0,0,0,-28,-23,-19,-22,-42,0,-7,0,-48,0,0]} 1. g3 c5 2. Bg2 Nc6 3. c4 g6 4. Nc3 Bg7 5. d3 d6 6. a3 Nf6 7. Rb1 a5 8. Nf3 {A36: Symmetrical English vs ...g6: 4 Bg2 Bg7} Bf5 9. O-O Qd7 10. Re1 {White is slightly better.} O-O 11. Bd2 Bh3 12. Bh1 h6 13. Nb5 $146 ({Find the theoretical novelty and annotate with similar games:} 13. Nd5 Nxd5 14. cxd5 Nd4 15. Nxd4 cxd4 {0-1 (45) Petrosian,T (2671)-Idani,P (2496) Moscow 2015}) 13... Kh7 14. Bc3 a4 15. b4 axb3 16. Qxb3 e5 17. Nd2 Ra6 18. e3 Rfa8 19. Qb2 d5 20. d4 exd4 21. exd4 cxd4 22. Nxd4 Rxa3 {[#] ...Ng4 is the strong threat.} 23. Nxc6 Qxc6 24. Bxf6 Bxf6 25. cxd5 Qa6 26. Qb4 $1 (26. Qxb7 $2 Qxb7 27. Rxb7 Bc3 $19) 26... Ra4 27. Qb3 $1 ({But not} 27. Qxb7 $2 Qxb7 28. Rxb7 Bc3 $19) 27... Ra3 28. Qb4 ({Wrong is} 28. Qxb7 $2 Qxb7 29. Rxb7 Bc3 $19) 28... Ra4 29. Qb3 $1 {Precision: White = 63%, Black = 53%.} ({Don't blunder} 29. Qxb7 $2 Qxb7 30. Rxb7 Bc3 $19) 1/2-1/2